000 00236nam a22000857a 4500
008 160928b xxu||||| |||| 00| 0 eng d
100 _9805
_aSiddiqui.S.etal.
245 _aEnglish Activity Books-4
260 _aNew Delhi
_bAPC. Publications
_c2011
999 _c3459
_d3459